Прочность конструкций летательных аппаратов: межвузовский сборник

Bibliographische Detailangaben
Körperschaft: Казанский авиационный институт им. А. Н. Туполева (КАИ)
Weitere Verfasser: Одиноков Ю. Г. (редактор)
Sprache:Russisch
Veröffentlicht: Казань, Изд-во КАИ, 1986
Schlagworte:
Format: Buch
KOHA link:https://koha.lib.tpu.ru/cgi-bin/koha/opac-detail.pl?biblionumber=268869

MARC

LEADER 00000nam0a2200000 4500
001 268869
005 20231101234214.0
035 |a (RuTPU)RU\TPU\book\292025 
090 |a 268869 
100 |a 20140910d1986 k y0rusy50 ca 
101 0 |a rus 
102 |a RU 
105 |a a z 001zy 
200 1 |a Прочность конструкций летательных аппаратов  |e межвузовский сборник  |f Казанский авиационный институт им. А. Н. Туполева (КАИ) ; под ред. Ю. Г. Одинокова 
210 |a Казань  |c Изд-во КАИ  |d 1986 
215 |a 127 с.  |c ил. 
320 |a Библиогр. в конце ст. 
606 1 |a Летательные аппараты  |2 stltpush  |3 (RuTPU)RU\TPU\subj\40105  |9 59935 
610 1 |a конструкции 
610 1 |a прочность 
610 1 |a статическая прочность 
610 1 |a аэроупругость 
610 1 |a крыло 
610 1 |a конструкции 
675 |a 629.73.015  |v 3 
702 1 |a Одиноков  |b Ю. Г.  |4 340 
712 0 2 |a Казанский авиационный институт им. А. Н. Туполева (КАИ)  |c (1932-1992)  |2 stltpush  |3 (RuTPU)RU\TPU\col\10046 
801 1 |a RU  |b 63413507  |c 20140910 
801 2 |a RU  |b 63413507  |c 20160309  |g RCR 
942 |c BK